Movies Quiz

Random Movies or Director Quiz

Actors in Multiple Coen Bros Movies Quiz Stats

 Plays Quiz Updated Feb 12, 2016

Challenge
Share
Tweet
Embed
Score 0/72 Timer 10:00
0 Plays Today
Movie Actor/Actress % Correct
Hail, Caesar!George Clooney
92.7%
O Brother, Where Art Thou?George Clooney
92.5%
Intolerable CrueltyGeorge Clooney
92.5%
Burn After ReadingGeorge Clooney
92.5%
The Big LebowskiJeff Bridges
85.9%
True GritJeff Bridges
85.8%
Inside Llewyn DavisJohn Goodman
85.1%
Raising ArizonaJohn Goodman
83.3%
Barton FinkJohn Goodman
83.3%
The Hudsucker ProxyJohn Goodman
83.3%
The Big LebowskiJohn Goodman
83.3%
O Brother, Where Art Thou?John Goodman
83.3%
Miller's CrossingSteve Buscemi
73.7%
Barton FinkSteve Buscemi
73.7%
The Hudsucker ProxySteve Buscemi
73.7%
FargoSteve Buscemi
73.7%
The Big LebowskiSteve Buscemi
73.7%
Paris Je T'AimeSteve Buscemi
73.7%
Hail, Caesar!Frances McDormand
71.1%
Blood SimpleFrances McDormand
70.5%
Raising ArizonaFrances McDormand
70.5%
Miller's CrossingFrances McDormand
70.5%
FargoFrances McDormand
70.5%
Burn After ReadingFrances McDormand
70.5%
The Man Who Wasn't ThereFrances McDormand
70.5%
Miller's CrossingJohn Turturro
59%
Barton FinkJohn Turturro
59%
O Brother, Where Art Thou?John Turturro
59%
The Big LebowskiJohn Turturro
59%
Hail, Caesar!Josh Brolin
54.3%
No Country For Old MenJosh Brolin
51.2%
True GritJosh Brolin
51.2%
Raising ArizonaHolly Hunter
46.1%
O Brother, Where Art Thou?Holly Hunter
46%
The Man Who Wasn't ThereBilly Bob Thornton
29.2%
Intolerable CrueltyBilly Bob Thornton
29.2%
Movie Actor/Actress % Correct
Burn After ReadingTilda Swinton
20.8%
Hail, Caesar!Tilda Swinton
20.8%
FargoPeter Stormare
20.5%
The Big LebowskiPeter Stormare
20.5%
The LadykillersJ.K. Simmons
15.8%
Burn After ReadingJ.K. Simmons
15.8%
Miller's CrossingJon Polito
12%
Barton FinkJon Polito
12%
The Hudsucker ProxyJon Polito
12%
The Big LebowskiJon Polito
12%
The Man Who Wasn't ThereJon Polito
12%
O Brother, Where Art Thou?Charles Durning
10.7%
The Hudsucker ProxyCharles Durning
10.7%
Blood SimpleM. Emmet Walsh
10.3%
Raising ArizonaM. Emmet Walsh
10.3%
The Man Who Wasn't ThereRichard Jenkins
9.7%
Intolerable CrueltyRichard Jenkins
9.7%
Burn After ReadingRichard Jenkins
9.7%
No Country For Old MenStephen Root
9.5%
O Brother, Where Art Thou?Stephen Root
9.5%
The LadykillersStephen Root
9.5%
Barton FinkMichael Lerner
8.1%
A Serious ManMichael Lerner
8.1%
Barton FinkJohn Mahoney
6.8%
The Hudsucker ProxyJohn Mahoney
6.8%
Barton FinkTony Shalhoub
6.5%
The Man Who Wasn't ThereTony Shalhoub
6.5%
The LadykillersBruce Campbell
6%
The Hudsucker ProxyBruce Campbell
6%
The Man Who Wasn't ThereMichael Badalucco
6%
O Brother, Where Art Thou?Michael Badalucco
5.9%
Miller's CrossingMichael Badalucco
5.9%
A Serious ManSteve Park
3.1%
FargoSteve Park
3.1%
The Big LebowskiLeon Russom
1.4%
True GritLeon Russom
1.4%

You're not logged in!

Compare scores with friends on all Sporcle quizzes.
Join for Free
OR
Log In

You Might Also Like...

Show Comments

Extras

Top Quizzes Today


Score Distribution

Your Account Isn't Verified!

In order to create a playlist on Sporcle, you need to verify the email address you used during registration. Go to your Sporcle Settings to finish the process.

Report this User

Report this user for behavior that violates our Community Guidelines.

Details: